| 000 | 00945nam a22002417a 4500 | ||
|---|---|---|---|
| 005 | 20110914123147.0 | ||
| 008 | 110914t xxu||||| |||| 00| 0 eng d | ||
| 010 | _aENG-103688 | ||
| 020 |
_a9788184503487 _c1280.00 |
||
| 035 | _aEN-87221 | ||
| 037 | _bDBAD/PUB | ||
| 040 |
_aDPL _bEng |
||
| 082 | _a333.7 | ||
| 100 |
_aSen, Raj Kumar _934730 |
||
| 245 |
_aEnvironmental economics and sustainable development : _cby Raj Kumar Sen [and] Somnath Hazra _bsome emerging issues / |
||
| 260 |
_aNew Delhi _bDeep and Deep Publications _c2011 |
||
| 270 |
_aF-159, Rajouri Garden _bNew Delhi _e110027 |
||
| 300 |
_axiv,357p. _c23cm (Hb) |
||
| 500 | _aIncludes bibliographical references and index | ||
| 700 |
_934731 _aHazra, Somnath |
||
| 942 |
_2ddc _cEN _mSEN _h333.7 |
||
| 999 |
_c56592 _d56592 |
||